Cidades de Mato Grosso : (Record no. 1064)

MARC details
000 -LÍDER
Campo Fixo de Controle 00792nam a2200241 a 4500
001 - NÚMERO DE CONTROLE
Campo de Controle 1064
003 - IDENTIFICAÇÃO DO NÚMERO DE CONTROLE
Campo de Controle BR-CuiBMT
005 - DATA E HORA DA ÚLTIMA ATUALIZAÇÃO
Campo de Controle 20231128162622.0
008 - DADOS FIXOS
Dados Fixos 231128s2008 mtb 000 0 por d
020 ## - INTERNATIONAL STANDARD BOOK NUMBER
Nº do ISBN 9788590834205
040 ## - AGÊNCIA CATALOGADORA
Código da Agência Catalogadora BR-CuiBMT
Agência que transcreveu o registro BR-CuiBMT
080 ## - Nº DA CLASSIFICAÇÃO DECIMAL UNIVERSAL
Nº edição CDU 2007
Nº Class. CDU 94
Subd. Auxiliar Comum (817.2)
090 ## - NÚMERO DE CHAMADA
Nº classificação 94(817.2)
Cutter F383c
100 10 - ENTRADA PRINCIPAL -- AUTOR PESSOAL
Nome pessoal Ferreira, João Carlos Vicente
Datas associadas ao nome 1954-
245 10 - TÍTULO PRINCIPAL
Título principal Cidades de Mato Grosso :
Subtítulo origem e significado de seus nomes /
Indicação de responsabilidade João Carlos Vicente Ferreira, Pe. José de Moura e Silva
260 ## - PUBLICAÇÃO, DISTRIBUIÇÃO, ETC.
Local de publicação Cuiabá :
Editora JCVF,
Data 2008.
504 ## - NOTA DE BIBLIOGRAFIA, ETC.
Nota de bibliografia inclui bibliografia.
650 ## - ASSUNTO TÓPICO
Cabeçalho tópico ou nome geográfico Municípios
Subdivisão geral História
Subdivisão geográfica Mato Grosso
650 ## - ASSUNTO TÓPICO
Cabeçalho tópico ou nome geográfico Topônimos
Subdivisão geográfica Mato Grosso
650 ## - ASSUNTO TÓPICO
Cabeçalho tópico ou nome geográfico Nomes geográficos
Subdivisão geográfica Mato Grosso
700 ## - ENTRADA SECUNDÁRIA -- NOME PESSOAL
Nome pessoal Silva, José de Moura e
Títulos e outras palavras associadas ao nome Padre
942 ## - ELEMENTOS DE ENTRADA ADICIONAIS (KOHA)
Fonte de classificação ou esquema de arquivamento Classificação Decimal Universal
Tipo de item do Koha Livros
Holdings
Estado: removido Estado: perdido Fonte de classificação ou esquema de arquivamento Estado: danificado Indisponível para empréstimo Localização permanente Localização atual Data de aquisição Total Checkouts Número de Chamada completo Código de barras Date last seen Número do exemplar Preço efetivo a partir de Tipo de item (Koha)
    Classificação Decimal Universal     Biblioteca da Escola Superior de Contas do TCE/MT Biblioteca da Escola Superior de Contas do TCE/MT 27/11/2023   94(817.2) F383c BIBTCEMT23111192 28/11/2023 Ex. 1 28/11/2023 Livros
    Classificação Decimal Universal     Biblioteca da Escola Superior de Contas do TCE/MT Biblioteca da Escola Superior de Contas do TCE/MT 29/11/2023   94(817.2) F383c BIBTCEMT23111307 29/11/2023 Ex. 2 29/11/2023 Livros
    Classificação Decimal Universal     Biblioteca da Escola Superior de Contas do TCE/MT Biblioteca da Escola Superior de Contas do TCE/MT 29/11/2023   94(817.2) F383c BIBTCEMT23111308 29/11/2023 Ex. 3 29/11/2023 Livros
    Classificação Decimal Universal     Biblioteca da Escola Superior de Contas do TCE/MT Biblioteca da Escola Superior de Contas do TCE/MT 29/11/2023   94(817.2) F383c BIBTCEMT23111309 29/11/2023 Ex. 4 29/11/2023 Livros

Powered by Koha